00897 a2200181 4500003000500000005001700005040000900022082001700031100003200048245008900080260003400169300001100203505031100214650003400525942001200559999001900571952012500590Nust20221128161852.0 cNust a621.3815,LOW aLowenberg, Edwin C.9103723 aSchaum's outline of theory and problems of electronic circuits /cEdwin C. Lowenberg aNew YorkbMcGraw Hill cc1967 a274 p. aIntroduction (Page-1), One Port Electronic Control Devices (Page-10), Diode Applications (Page-32), General Two Port Networks (Page-50), Two Port Electronic Control Devices-I (Page-68), Two Port Electronic Control Devices-II (Page-121), Linear Amplifiers (Page-168), Electronic Amplifier Topics (Page-228). aTelecommunication engineering 2ddccBK c194243d194243 00102ddc4070aMCSbMCScGENd2016-12-12o621.3815,LOWpMCS5450r2016-12-08w2016-12-12yBKzAlmirah No.33, Shelf No.1